[Event "SWE Cup"]
[Site "Sweden"]
[Date "2017.03.26"]
[Round "9.5"]
[White "Ertan, Can"]
[Black "Nyander, Joakim"]
[Result "1-0"]
[WhiteElo "2359"]
[BlackElo "2211"]
[PlyCount "57"]
[EventDate "2017.01.14"]
[EventType "team-tourn"]
[EventRounds "9"]
[EventCountry "SWE"]
[SourceTitle "CBM 177 Extra"]
[Source "ChessBase"]
[SourceDate "2017.04.27"]
[SourceVersion "1"]
[SourceVersionDate "2017.04.27"]
[SourceQuality "1"]
[WhiteTeam "Stockholm CC"]
[BlackTeam "Norrkoping Schack 08"]
[WhiteTeamCountry "SWE"]
[BlackTeamCountry "SWE"]

1. e4 c5 2. Nf3 e6 3. d4 cxd4 4. Nxd4 a6 5. Bd3 Nf6 6. 0-0 Qc7 7. Nc3 Be7 8. Kh1 d6 9. f4 Nbd7 10. Qe1 b5 11. b4 Bb7 12. Bb2 Nb6 13. Qe2 0-0 14. Rae1 h6 15. e5 dxe5 16. fxe5 Nfd7 17. Qg4 Nxe5 18. Nxe6 Nxg4 19. Nxc7 Bd6 20. Nxa8 Bxa8 21. Ne4 Bxb4 22. Re2 Nd5 23. Bd4 f5 24. Nc5 f4 25. Ne6 f3 26. gxf3 Nf4 27. Nxf4 Rxf4 28. Re8+ Rf8 29. Rxa8 1-0

[Event "SWE Cup"]
[Site "Sweden"]
[Date "2017.03.24"]
[Round "7.5"]
[White "Nyander, Joakim"]
[Black "Tuomainen, Felix"]
[Result "1/2-1/2"]
[WhiteElo "2211"]
[BlackElo "2198"]
[PlyCount "107"]
[EventDate "2017.01.14"]
[EventType "team-tourn"]
[EventRounds "9"]
[EventCountry "SWE"]
[SourceTitle "EXT 2018"]
[Source "ChessBase"]
[SourceDate "2017.10.13"]
[SourceVersion "1"]
[SourceVersionDate "2017.10.13"]
[SourceQuality "1"]
[WhiteTeam "Norrkoping Schack 08"]
[BlackTeam "Stockholm Rockaden II"]
[WhiteTeamCountry "SWE"]
[BlackTeamCountry "SWE"]

1. c4 c6 2. Nf3 d5 3. b3 Bg4 4. Bb2 Bxf3 5. gxf3 Nf6 6. e3 g6 7. Qc2 Bg7 8. Nc3 0-0 9. f4 e6 10. Be2 Nbd7 11. 0-0-0 a6 12. Kb1 b5 13. cxd5 cxd5 14. d4 b4 15. Na4 Rc8 16. Qd2 Ne4 17. Qe1 Nb6 18. f3 Nxa4 19. fxe4 Nxb2 20. Kxb2 Qa5 21. Rc1 Qa3+ 22. Kb1 dxe4 23. Qd2 a5 24. Bb5 Rfd8 25. Rxc8 Rxc8 26. Rc1 Rxc1+ 27. Qxc1 Qxc1+ 28. Kxc1 Kf8 29. Bc6 f5 30. Kd2 Ke7 31. Ke2 h6 32. h3 Kd6 33. Bb7 g5 34. fxg5 hxg5 35. Bc8 Bf6 36. Kf2 Bd8 37. Ke2 Bb6 38. Kf2 e5 39. Bxf5 exd4 40. exd4 Bxd4+ 41. Ke2 Ke5 42. Bg4 Bb6 43. Kd2 Kd4 44. Bh5 Bc7 45. Bg6 Bf4+ 46. Kc2 Ke3 47. Bf5 Bg3 48. Bg6 Kf3 49. Kd1 e3 50. Bh5+ Ke4 51. Kc2 Be5 52. Bg4 Kf4 53. Kd3 Bc7 54. Bh5 1/2-1/2

[Event "SWE Cup"]
[Site "Sweden"]
[Date "2017.01.14"]
[Round "4.2"]
[White "Nyander, Joakim"]
[Black "Lindahl, Emil"]
[Result "1-0"]
[WhiteElo "2211"]
[BlackElo "2180"]
[PlyCount "49"]
[EventDate "2017.01.14"]
[EventType "team-tourn"]
[EventRounds "9"]
[EventCountry "SWE"]
[SourceTitle "EXT 2018"]
[Source "ChessBase"]
[SourceDate "2017.10.13"]
[SourceVersion "1"]
[SourceVersionDate "2017.10.13"]
[SourceQuality "1"]
[WhiteTeam "Norrkoping Schack 08"]
[BlackTeam "Vaxjo"]
[WhiteTeamCountry "SWE"]
[BlackTeamCountry "SWE"]

1. c4 c5 2. g3 Nf6 3. Bg2 e6 4. Nf3 Be7 5. 0-0 0-0 6. b3 d6 7. Nc3 a6 8. d4 cxd4 9. Qxd4 Qc7 10. Rd1 b6 11. Ba3 Rd8 12. Na4 b5 13. Nb6 Ra7 14. Nxc8 Rxc8 15. cxb5 e5 16. b6 exd4 17. bxc7 Raxc7 18. Nxd4 g6 19. e3 Nbd7 20. Ne2 Nc5 21. Nf4 a5 22. Rac1 Kf8 23. Bb2 Rd8 24. Bxf6 Bxf6 25. Nd5 1-0

[Event "Karlstad op"]
[Site "Karlstad"]
[Date "2014.12.30"]
[Round "7"]
[White "Lindberg, Henrik"]
[Black "Nyander, Joakim"]
[Result "1/2-1/2"]
[WhiteElo "2229"]
[BlackElo "2149"]
[PlyCount "41"]
[EventDate "2014.12.27"]
[EventType "swiss"]
[EventRounds "7"]
[EventCountry "SWE"]
[SourceTitle "CBM 164 Extra"]
[Source "ChessBase"]
[SourceDate "2015.03.02"]
[SourceVersion "1"]
[SourceVersionDate "2015.03.02"]
[SourceQuality "1"]

1. e4 e6 2. d4 c5 3. Nf3 b6 4. d5 exd5 5. exd5 d6 6. Nc3 Nf6 7. h3 Be7 8. Bb5+ Nbd7 9. a4 a6 10. Bc4 0-0 11. 0-0 Re8 12. Bf4 Nf8 13. Re1 Ng6 14. Bh2 Bf8 15. Qd3 h6 16. Rxe8 Qxe8 17. Re1 Qd7 18. b3 Qf5 19. Qxf5 Bxf5 20. Re2 Bd7 21. Nd2 1/2-1/2

[Event "Karlstad op"]
[Site "Karlstad"]
[Date "2014.12.29"]
[Round "6"]
[White "Brynell, Stellan"]
[Black "Nyander, Joakim"]
[Result "0-1"]
[WhiteElo "2456"]
[BlackElo "2149"]
[PlyCount "120"]
[EventDate "2014.12.27"]
[EventType "swiss"]
[EventRounds "7"]
[EventCountry "SWE"]
[SourceTitle "CBM 164 Extra"]
[Source "ChessBase"]
[SourceDate "2015.03.02"]
[SourceVersion "1"]
[SourceVersionDate "2015.03.02"]
[SourceQuality "1"]

1. d4 c5 2. d5 e6 3. c4 g6 4. e4 Bg7 5. Nf3 exd5 6. cxd5 d6 7. Nc3 a6 8. a4 b6 9. h3 Nd7 10. Bd3 Nh6 11. 0-0 f6 12. Rb1 Nf7 13. b4 Qc7 14. Bd2 0-0 15. Qc2 Bh6 16. Bxh6 Nxh6 17. Nd1 Nf7 18. Nd4 Nde5 19. Be2 Ra7 20. Ne6 Bxe6 21. dxe6 Nd8 22. f4 Nec6 23. Bc4 Kg7 24. bxc5 dxc5 25. Ne3 Nd4 26. Qf2 b5 27. Nd5 Qd6 28. e7 Rxe7 29. Nxe7 Qxe7 30. Bd5 N8e6 31. Kh1 Qd6 32. axb5 axb5 33. Ra1 Rc8 34. Ra7+ Rc7 35. Ra8 f5 36. Qh4 fxe4 37. Bxe4 Rf7 38. Bxg6 Kxg6 39. Rg8+ Rg7 40. Rxg7+ Nxg7 41. Ra1 Ndf5 42. Qg4+ Kf7 43. Ra7+ Ne7 44. Qf3 c4 45. Qe4 Ne6 46. Qxh7+ Ng7 47. Qe4 Qe6 48. Qf3 b4 49. g4 c3 50. f5 Qe1+ 51. Kg2 Qd2+ 52. Kg3 Ne8 53. Qe4 Qd6+ 54. Kh4 Nf6 55. Qc4+ Kf8 56. Rb7 Nfd5 57. Qd4 Qh6+ 58. Kg3 Qe3+ 59. Qxe3 Nxe3 60. f6 N7d5 0-1

[Event "Rilton Cup 28th"]
[Site "Stockholm"]
[Date "1998.12.30"]
[Round "3"]
[White "Nyander, Joakim"]
[Black "Markovic, Miroslav"]
[Result "0-1"]
[WhiteElo "2195"]
[BlackElo "2575"]
[PlyCount "170"]
[EventDate "1998.12.28"]
[EventType "swiss"]
[EventRounds "9"]
[EventCountry "SWE"]
[SourceTitle "CBM 068 Extra"]
[Source "ChessBase"]
[SourceDate "1999.03.01"]
[SourceVersion "1"]
[SourceVersionDate "1999.03.01"]
[SourceQuality "1"]

1. d4 Nf6 2. Nf3 g6 3. Bf4 Bg7 4. e3 d6 5. Be2 0-0 6. h3 c5 7. c3 Nc6 8. 0-0 b6 9. Nbd2 Bb7 10. a4 Re8 11. Bh2 Rc8 12. Nc4 Ba6 13. Re1 d5 14. Nce5 Bxe2 15. Qxe2 c4 16. Nd2 e6 17. e4 Bh6 18. Nxc6 Rxc6 19. e5 Nh5 20. Nf1 Qe7 21. Ne3 a6 22. Rf1 Rf8 23. g4 Nf4 24. Bxf4 Bxf4 25. Ng2 Bh6 26. f4 Bg7 27. g5 Rb8 28. Ne3 b5 29. axb5 Rxb5 30. Rf2 Qb7 31. Ra2 Rcb6 32. Qc2 a5 33. Nd1 Ra6 34. Qa4 Rb3 35. Rc2 h5 36. Kf1 Kf8 37. Ke1 Ke7 38. h4 Kd8 39. Kd2 Bf8 40. Kc1 Ra8 41. Ne3 Kc7 42. Nd1 Qc6 43. Kd2 Qb6 44. Rc1 Rb4 45. Qc2 Rb3 46. Rca1 Be7 47. Ra4 Kc6 48. Kc1 Bd8 49. Rxc4+ Kd7 50. Rca4 Qb5 51. Nf2 Qf1+ 52. Qd1 Rxc3+ 53. bxc3 Qxf2 54. Qd2 Qxh4 55. Kc2 Qh3 56. Rb1 Rc8 57. Rb7+ Ke8 58. Qd3 Qg2+ 59. Kb3 Rc4 60. Rb8 Qh1 61. Rxa5 Kd7 62. Ra7+ Bc7 63. Rbb7 Kd8 64. Ra8+ Kd7 65. Rf8 Kc6 66. Rxc7+ Kxc7 67. Rxf7+ Kb6 68. Rf6 Rc6 69. Rxg6 Ka5 70. Qc2 Qf1 71. f5 Qb5+ 72. Ka2 Rc4 73. fxe6 Ra4+ 74. Qxa4+ Kxa4 75. Rg8 Qb3+ 76. Ka1 Qxc3+ 77. Ka2 Qc4+ 78. Kb1 Qb5+ 79. Ka2 Qc4+ 80. Kb1 Qc6 81. g6 Qxe6 82. Ra8+ Kb3 83. Rb8+ Kc3 84. g7 Qg6+ 85. Ka2 Qxg7 0-1